000 00741nam a2200289Ia 4500
005 20260324113707.0
008 008 260324s9999 xx 000 0 eng d
020 _a9781003384922
037 _aEBOOK
040 _aCRL
040 _beng
040 _cCRL
041 _2eng
041 _aeng
084 _qCRL
100 _aM. Rafael Salaberry; Wei-Li Hsu; Albert Weideman
_91147800
245 0 _aEthics and Context in Second Language Testing
245 0 _bRethinking Validity in Theory and Practice
260 _bTaylor and Francis
260 _c2023
365 _a
365 _b230
856 _uhttp://www.taylorfrancis.com/books/9781003384922
942 _cEBOOK
999 _c1737587
_d1737587